LEADER 05275nam 2200685Ia 450 001 996213065803316 005 20230829010347.0 010 $a1-280-74859-1 010 $a9786610748594 010 $a0-470-76347-7 010 $a1-4443-1285-5 010 $a1-4051-7138-3 035 $a(CKB)1000000000341847 035 $a(EBL)284193 035 $a(OCoLC)476033481 035 $a(SSID)ssj0000097013 035 $a(PQKBManifestationID)11526172 035 $a(PQKBTitleCode)TC0000097013 035 $a(PQKBWorkID)10114576 035 $a(PQKB)11190511 035 $a(MiAaPQ)EBC284193 035 $a(EXLCZ)991000000000341847 100 $a20050601d2006 uy 0 101 0 $aeng 135 $aur|n|---||||| 181 $ctxt 182 $cc 183 $acr 200 00$aAcute coronary syndromes$b[electronic resource] $ea handbook for clinical practice /$fedited by Michel E. Bertrand, Spencer B. King III 210 $aOxford $cBlackwell$d2006 215 $a1 online resource (320 p.) 225 1 $aThe ESC education series 300 $a"A publication based on ESC guidelines (www.escardio.org/knowledge/guidelines)." 300 $a"European Society of Cardiology." 311 $a1-4051-3501-8 320 $aIncludes bibliographical references and index. 327 $aAcute coronary syndromes A handbook for clinical practice; List of contributors; Preface; Section one:Epidemiology; CHAPTER 1Epidemiology ofnon-ST-segment elevationacute coronary syndromes:Euro Heart Survey, GRACE,CRUSADEDavid Hasdai and Alexander Battler; Section two:Pathophysiology; CHAPTER 2 Pathologic findings in acute coronary syndromes Erling Falk; CHAPTER 3 Vascular biology of acute coronary syndromes Lina Badimon; Section three:Clinical aspects of ACS; CHAPTER 4 Clinical aspects of acute coronary syndromes Eugene McFadden 327 $aCHAPTER 5 Circulating biomarkers for risk stratification Christopher HeeschenSection four:Investigation in ACS; CHAPTER 6Coronary angiography,angioscopy, andintravascular ultrasound innon-ST-segment elevationacute coronary syndromesEric Van Belle, Christophe Bauters, Franc?ois Schiele, andMichel E. Bertrand; CHAPTER 7New coronary imaging inacute coronary syndromePim J. de Feyter, Evelyne Regar, and Nico R.A. Mollet; Section five:Special groups of patients 327 $aCHAPTER 8Acute coronary syndromesin special groups of patientsPiero O. Bonetti, Michael J. Zellweger, Christoph Kaiser,and Matthias E. PfistererSection six:Pharmacological treatment; CHAPTER 9Antiischemic treatment(nitrates, ?-blockers, calciumantagonists)David McCarty, Colum G. Owens, and A.A. Jennifer Adgey; CHAPTER 10Antiplatelet therapies:aspirin, thienopyridines,andglycoprotein IIb/IIIareceptor inhibitorsJaydeep Sarma and Keith A.A. Fox; CHAPTER 11Antithrombin drugs: LMWH,unfractionated heparin,direct thrombin inhibitorsRaphaelle Dumaine and Gilles Montalescot 327 $aCHAPTER 12Statin therapy in ACSFranc?ois SchieleSection seven:Myocardial revascularization; CHAPTER 13Percutaneous coronaryinterventions andstenting/CABG innon-ST-segment elevationacute coronary syndromesNicolas Meneveau and Jean-Pierre Bassand; Section eight:Therapeutic strategy; CHAPTER 14Risk stratification andtherapeutic strategyChristian W. Hamm; CHAPTER 15Indication forrevascularization innon-ST-elevation acutecoronary syndromeLars Wallentin; CHAPTER 16Management of patients withnonamenable lesions formyocardial revascularizationVictor Legrand 327 $aCHAPTER 17Non-ST-segment elevationcoronary syndromes:European Society ofCardiology guidelinesMichel E. BertrandCHAPTER 18Non-ST-segment elevationacute coronary syndromes:ACC/AHA guidelinesPierre The?roux; CHAPTER 19From guidelinesto registriesLuigi Tavazzi; Section nine:Secondary prevention; CHAPTER 20Secondary prevention afteracute episode ofpatientspresenting with nonpersistentST-segment elevationMichel E. Bertrand; CHAPTER 21How to detect vulnerableplaqueDirk Boese and Raimund Erbel; CHAPTER 22Local versus systemicprevention treatmentMario Togni and Bernhard Meier; Conclusions; Index 330 $aThe management of non-ST segment elevation acute coronary syndromes (NSTE-ACS) has rapidly evolved over the last few years and many guidelines have been provided and already updated. This book is based on the latest ESC Guidelines and reports the current knowledge in NSTE-ACS, together with the most recent therapeutic options and the different strategies that can be applied according to the clinical status of patients. International experts address the different aspects of NSTE-ACS and bring useful information to clinicians, interventionalists and surgeons involved in the difficul 410 0$aESC education series. 606 $aHeart 606 $aCoronary heart disease$vHandbooks, manuals, etc 615 0$aHeart. 615 0$aCoronary heart disease 676 $a616.12 676 $a616.123 676 $a616/.047 701 $aBertrand$b M$01342268 701 $aKing$b Spencer B.$f1937-$0101677 712 02$aEuropean Society of Cardiology. 801 0$bMiAaPQ 801 1$bMiAaPQ 801 2$bMiAaPQ 906 $aBOOK 912 $a996213065803316 996 $aAcute coronary syndromes$93065578 997 $aUNISA LEADER 03491nam 22007212 450 001 9910826034903321 005 20151005020624.0 010 $a1-107-21769-5 010 $a1-139-23486-2 010 $a1-283-29846-5 010 $a1-139-12295-9 010 $a9786613298461 010 $a0-511-97502-3 010 $a1-139-11721-1 010 $a1-139-12787-X 010 $a1-139-11285-6 010 $a1-139-11504-9 035 $a(CKB)2550000000055734 035 $a(EBL)775112 035 $a(OCoLC)769341819 035 $a(SSID)ssj0000537670 035 $a(PQKBManifestationID)11358354 035 $a(PQKBTitleCode)TC0000537670 035 $a(PQKBWorkID)10554376 035 $a(PQKB)10641263 035 $a(UkCbUP)CR9780511975028 035 $a(MiAaPQ)EBC775112 035 $a(Au-PeEL)EBL775112 035 $a(CaPaEBR)ebr10502780 035 $a(CaONFJC)MIL329846 035 $a(PPN)261372181 035 $a(EXLCZ)992550000000055734 100 $a20101011d2011|||| uy| 0 101 0 $aeng 135 $aur||||||||||| 181 $ctxt$2rdacontent 182 $cc$2rdamedia 183 $acr$2rdacarrier 200 10$aHow to fold it $ethe mathematics of linkages, origami, and polyhedra /$fJoseph O'Rourke$b[electronic resource] 210 1$aCambridge :$cCambridge University Press,$d2011. 215 $a1 online resource (xii, 177 pages) $cdigital, PDF file(s) 300 $aTitle from publisher's bibliographic system (viewed on 05 Oct 2015). 311 $a0-521-14547-3 311 $a0-521-76735-0 327 $aMachine generated contents note: Part I. Linkages: 1. Robot arms; 2. Straight-line linkages and the pantograph; 3. Protein folding and pop-up cards; Part II. Origami: 4. Flat vertex folds; 5. Fold and one-cut; 6. The shopping bag theorem; Part III. Polyhedra: 7. Durer's problem: edge unfolding; 8. Unfolding orthogonal polyhedra; 9. Folding polygons to convex polyhedra; 10. Further reading; 11. Glossary; 12. Answers to exercises; 13. Permissions and acknowledgments. 330 $aWhat do proteins and pop-up cards have in common? How is opening a grocery bag different from opening a gift box? How can you cut out the letters for a whole word all at once with one straight scissors cut? How many ways are there to flatten a cube? With the help of 200 colour figures, author Joseph O'Rourke explains these fascinating folding problems starting from high school algebra and geometry and introducing more advanced concepts in tangible contexts as they arise. He shows how variations on these basic problems lead directly to the frontiers of current mathematical research and offers ten accessible unsolved problems for the enterprising reader. Before tackling these, you can test your skills on fifty exercises with complete solutions. The book's website, http://www.howtofoldit.org, has dynamic animations of many of the foldings and downloadable templates for readers to fold or cut out. 606 $aLiaison theory (Mathematics) 606 $aOrigami$xMathematics 606 $aPolyhedra 606 $aProtein folding 615 0$aLiaison theory (Mathematics) 615 0$aOrigami$xMathematics. 615 0$aPolyhedra. 615 0$aProtein folding. 676 $a516.3/5 686 $aMAT000000$2bisacsh 700 $aO'Rourke$b Joseph$0622259 801 0$bUkCbUP 801 1$bUkCbUP 906 $aBOOK 912 $a9910826034903321 996 $aHow to fold it$94098513 997 $aUNINA